The Missing Letters Mystery (Record no. 82)

MARC details
000 -LEADER
fixed length control field 00388nam a22001457a 4500
003 - CONTROL NUMBER IDENTIFIER
control field OSt
005 - DATE AND TIME OF LATEST TRANSACTION
control field 20160727222341.0
008 - FIXED-LENGTH DATA ELEMENTS--GENERAL INFORMATION
fixed length control field 160620b xxu||||| |||| 00| 0 eng d
040 ## - CATALOGING SOURCE
Transcribing agency TEST
100 ## - MAIN ENTRY--PERSONAL NAME
9 (RLIN) 103
Personal name Grossman, D
245 ## - TITLE STATEMENT
Title The Missing Letters Mystery
Remainder of title The Missing Letters Mystery
260 ## - PUBLICATION, DISTRIBUTION, ETC. (IMPRINT)
Place of publication, distribution, etc. Homongous Entertainment
Date of publication, distribution, etc. 2000
300 ## - PHYSICAL DESCRIPTION
Extent The Missing Letters Mystery
942 ## - ADDED ENTRY ELEMENTS (KOHA)
Source of classification or shelving scheme Dewey Decimal Classification
Koha item type BOOK
Holdings
Withdrawn status Lost status Source of classification or shelving scheme Damaged status Not for loan Home library Current library Date acquired Total Checkouts Full call number Barcode Date last seen Price effective from Koha item type
    Dewey Decimal Classification     Good Samaritan School Library Good Samaritan School Library 06/20/2016   80 GRO75 06/20/2016 06/20/2016 BOOK

Powered by Koha